000 00780cam a2200265 4500
001 24148
003 BD-RjUL
005 20211209001020.0
008 140312s1973 miua b 001 0 eng d
020 _a0472946005
035 _a(BD-RjUL) 24214
040 _aDLC
_cDLC
_dDLC
_dBD-RjUL
_beng
041 _aeng
082 0 0 _a822.912
_bWAB 1973
100 1 _aWall, Vincent.
_974397
245 1 0 _aBernard Shaw :
_bPygmalion to many players /
_cVincent Wall,
260 _aAnn Arbor :
_bUniversity of Michigan Press,
_c1973
300 _axii, 171 p. :
_billus. ;
_c24 cm.
350 _a$8.50
504 _aBibliography: p. 161-164. and Index
600 1 0 _aShaw, Bernard,
_d1856-1950
_xStage history.
_974399
942 _2ddc
_cBK
999 _c24148
_d24148